Fictional Chefs Quiz Stats

Quiz Updated Jun 12, 2016

Also try: TV Chefs
Challenge
Share
Tweet
Score 0/16 Timer 05:00
1 Play Today
Col. Chef % Correct
SpongeBob SquarePants (SpongeBob SquarePants)
96.5%
Jerome 'Chef' McElroy (South Park)
89.6%
Monica Geller (Friends)
88.2%
Remy (Ratatouille)
84.2%
Swedish Chef (The Muppet Show)
78.7%
Bob Belcher (Bob's Burgers)
75.7%
Soup Nazi (Seinfeld)
69.9%
Jack Tripper (Three's Company)
54.3%
Col. Chef % Correct
Tiana (The Princess and the Frog)
53.3%
Al Delvecchio (Happy Days)
53.1%
Ignacio (Nacho Libre)
51.9%
Nellie Lovett (Sweeney Todd: The Demon Barber of Fleet Street)
43.6%
Galina 'Red' Reznikov (Orange is the New Black)
39.2%
Sookie St. James (Gilmore Girls)
32.2%
Chef Louis (The Little Mermaid)
29.7%
Kate Armstrong (No Reservations)
10.4%

You're not logged in!

Compare scores with friends on all Sporcle quizzes.
Join for Free
OR
Log In

You Might Also Like...

Show Comments

Extras

Top Quizzes Today


Score Distribution

Your Account Isn't Verified!

In order to create a playlist on Sporcle, you need to verify the email address you used during registration. Go to your Sporcle Settings to finish the process.

Report this User

Report this user for behavior that violates our Community Guidelines.

Details: